| 000 | 00834nam a22002175i 4500 | ||
|---|---|---|---|
| 001 | 168016 | ||
| 003 | ES-MaACL | ||
| 005 | 20250809063533.0 | ||
| 008 | 051003s1895 fr | |||||||| ||fre d | ||
| 040 |
_aCAM _bspa _cCAM |
||
| 100 | 1 |
_aWorms, René, _d1869-1926 _9117375 |
|
| 245 | 1 | 3 |
_aLe second Congrès de l'Institut International de Sociologie / _c[René Worms]. |
| 260 |
_a[S.l. : _bs.n., _cs.a.] |
||
| 300 |
_a6 p. ; _c25 cm. |
||
| 594 | _aAutor tomado de final del texto y tít. de cabecera de primera pág. | ||
| 610 | 2 | 4 |
_aInstitut International de Sociologie (París). _bCongreso ( _n2º. _d1895. _cParis) _9134516 |
| 650 | 7 |
_aSociología _2embne _917195 |
|
| 852 |
_aES-MaACL _jT-748-F-10 _z-- Enc. hol. _z-- Donativo del Sr. Azcárate _z-- Enc. en un vol. facticio |
||
| 942 | _2udc | ||
| 999 |
_c168016 _d168016 |
||